| 000 | 00848nam a22001935i 4500 | ||
|---|---|---|---|
| 001 | 156116 | ||
| 003 | ES-MaACL | ||
| 005 | 20230906210326.0 | ||
| 008 | 020917s1900 it |||| | ita d | ||
| 040 |
_aCCPB | B _bspa _cCCPB | B |
||
| 110 | 1 | 0 |
_aItalia. _bCamera dei Deputati. _95306 |
| 245 | 1 | 0 |
_aManuale ad uso dei Deputati al Parlamento Nazionale (col Regolamento della Camera del 1º luglio 1900) _b: XXI legislatura / _c[pubblicato a cura della Segreteria della Camera dei Deputati]. |
| 260 |
_aRoma : _b[s.n.], _c1900 ( _ftipografia della Camera dei Deputati) |
||
| 300 |
_aV, 851, 386 p. ; _c18 cm. |
||
| 594 | 1 | _aMención de responsabilidad consta en v. de port. | |
| 650 | 4 |
_aDiputados- _zItalia- _y1900. _9135932 |
|
| 752 |
_aItalia - _dRoma |
||
| 852 |
_aES-MaACL _jF-9483 _z-- Enc. hol. _z-- Dedicatoria ms. al Ateneo de Madrid, 1904 |
||
| 999 |
_c156116 _d156116 |
||